| 000 | 00674nam a22002537a 4500 | ||
|---|---|---|---|
| 003 | 0 | ||
| 005 | 20160609165027.0 | ||
| 008 | 091001t xxu||||| |||| 00| 0 eng d | ||
| 020 | _a2-07-077426-0 | ||
| 040 |
_aBUAC _bFR _cBAC |
||
| 041 | _aFR | ||
| 082 | _a297 LEW | ||
| 100 |
_aLewis, Bernard _9951 |
||
| 245 |
_aIslam _c/Bernard Lewis |
||
| 260 |
_aParis _bQuarto; Gallimard _c2005 |
||
| 300 |
_a1333p. _bCouv. en coul. _c20 cm |
||
| 650 |
_aIslam _9952 |
||
| 650 |
_aSociété musulmane _9953 |
||
| 650 |
_aLanguage de l'Islam _9954 |
||
| 650 |
_aModernité _9955 |
||
| 700 |
_aTrad. de Denis-Armand Canal _9956 |
||
| 700 |
_aSaint-James, Rose _9957 |
||
| 942 | _cLIVR | ||
| 999 |
_c46233 _d46233 |
||